01628nab a2200481 a 450000100060000000300080000600500170001400600190003100700150005000800410006502200140010603500210012004000260014105000200016708000120018708200140019922200230021324501870023626000520042330000130047531000180048836200380050653301640054454600390070865000210074765000170076865000190078565000150080465000140081965000210083365000210085465000250087565000130090065300180091365300140093165300120094565500320095770000360098971000190102574000240104485600610106899900170112926898FlNmELB20241216215934.0m o d | cr cn|||||||||201109r2002 mx |||||s|||||||||||spa d a0188-6266 a(OCoLC)955356315 aFlNmELBbspacFlNmELB 4aGN51bB299 2002 a572.08704a573.6222 0aActa universitaria00aBase de datos antropométricos y maniquí parametrizado. Herramientas para diseño con criterios ergonómicosh[recurso electronico] /cRicardo Martínez Martínez ...[et al.]. aGuanajuato :bUniversidad de Guanajuato,c2002. a40-47 p. aCuatrimestral0 aVol. 12, num. 2 (Mayo-Ago. 2002)- aRecurso electrónico. Santa Fe, Arg.: e-libro, 2015. Disponible vía World Wide Web. El acceso puede estar limitado para las bibliotecas afiliadas a e-libro. aResumenes en español e inglés. 0aAntropometría. 0aErgonomía. 0aBase de datos. 0aManiquí. 0aEstatura. 0aAnthropometrics. 0aDatabase design. 0aMannequins (Figures) 0aStature. aAntropometria aErgonomia aManiqui 4aArtículos electrónicos.1 aMartínez Martínez, Ricardo.2 ae-libro, Corp.02aActa universitaria.40uhttps://elibro.net/ereader/politecnicointernacional/8276 c26898d26898